[Event "13th Parsvnath Open"]
[Site "New Delhi IND"]
[Date "2015.01.12"]
[Round "6.37"]
[White "Saranya, J"]
[Black "Sahoo, Utkal Ranjan"]
[Result "0-1"]
[WhiteTitle "WFM"]
[WhiteElo "2111"]
[BlackElo "2247"]
[WhiteFideId "5031931"]
[BlackFideId "5034566"]
[EventDate "2015.01.09"]

1. e4 e5 2. Nf3 d6 3. d4 exd4 4. Nxd4 Nf6 5. Nc3 Be7 6. Be2 O-O 7. O-O Nc6 8.
Be3 Re8 9. f4 Bd7 10. Bf3 Bf8 11. Re1 g6 12. Bf2 Bg7 13. Nb3 Qc8 14. h3 a6 15.
Bh4 h6 16. Nd5 Nxd5 17. exd5 Rxe1+ 18. Bxe1 Ne7 19. c3 Nf5 20. g4 Ne7 21. Bh4
Qf8 22. Qd2 Re8 23. Re1 Kh7 24. Nd4 Ng8 25. Rxe8 Qxe8 26. Kf2 Bf6 27. Bxf6 Nxf6
28. Qe3 Qd8 29. c4 Ng8 30. Be4 Qf6 31. Kg3 Ne7 32. b3 c5 33. Nf3 Kg7 34. Bd3 Kf8
35. Nd2 Ng8 36. Ne4 Qe7 37. g5 f5 38. gxf6 Nxf6 39. Kf2 Nxe4+ 40. Bxe4 Kg7 41.
Bg2 Qxe3+ 42. Kxe3 Bf5 43. Kd2 g5 44. fxg5 hxg5 45. Ke3 Kh6 46. a3 Kh5 47. Be4
Bxh3 48. Kf3 Kh4 49. b4 b6 50. Bd3 a5 51. bxa5 bxa5 52. Bc2 Bf1 53. Bb3 Kh3 54.
Kf2 Bd3 55. a4 g4 56. Kg1 Kg3 57. Kh1 Kf2 0-1

[Event "13th Parsvnath Open"]
[Site "New Delhi IND"]
[Date "2015.01.12"]
[Round "6.38"]
[White "Dzhumaev, Marat"]
[Black "Iniyan, P"]
[Result "1-0"]
[WhiteTitle "GM"]
[WhiteElo "2515"]
[BlackElo "2131"]
[WhiteFideId "14200236"]
[BlackFideId "25002767"]
[EventDate "2015.01.09"]

1. e4 c5 2. Nf3 d6 3. c3 Nf6 4. Bd3 Nc6 5. O-O g6 6. Bc2 Bg7 7. Re1 O-O 8. h3
Be6 9. d3 Rc8 10. Nbd2 Qc7 11. Nf1 d5 12. Qe2 dxe4 13. dxe4 Nh5 14. e5 Bh8 15.
N1h2 Rfd8 16. Ng4 Bxg4 17. hxg4 Ng7 18. Ng5 Ne6 19. Nxe6 fxe6 20. f4 Qb6 21. Kh2
Bg7 22. g5 Rf8 23. Rb1 Nd8 24. Be3 Qc6 25. a4 a6 26. a5 Qc7 27. Ra1 Nc6 28. Qg4
Nxa5 29. Qxe6+ Kh8 30. Kg3 Qc6 31. Qxc6 Nxc6 32. Rh1 c4 33. Bxg6 h6 34. Be4 Kg8
35. gxh6 Bh8 36. h7+ Kf7 37. Ra4 Nd8 38. Bd5+ e6 39. Rxc4 Rxc4 40. Bxc4 b5 41.
Bb3 Nc6 42. Rd1 Ne7 43. Rd7 Rc8 44. Kf3 Rc6 45. g4 Ke8 46. Ra7 Nc8 47. Rb7 Ne7
48. g5 Nc8 49. Bc2 Ne7 50. Be4 Rc8 51. g6 Kf8 52. Rb6 Nf5 53. Bf2 Re8 54. Rb7
Rc8 55. Rf7+ Ke8 56. Bb7 Rb8 57. Bc6+ Kd8 58. Ba7 Kc8 59. Bd7+ Kd8 60. Bxe6 Nh4+
61. Ke4 1-0

[Event "13th Parsvnath Open"]
[Site "New Delhi IND"]
[Date "2015.01.12"]
[Round "6.39"]
[White "Niraj, Saripalli"]
[Black "Anurag, Mhamal"]
[Result "1/2-1/2"]
[BlackTitle "IM"]
[WhiteElo "2121"]
[BlackElo "2446"]
[WhiteFideId "5045657"]
[BlackFideId "5024366"]
[EventDate "2015.01.09"]

1. d4 Nf6 2. Bg5 d5 3. e3 c6 4. Nd2 Bf5 5. c4 Ne4 6. Nxe4 Bxe4 7. f3 Qa5+ 8. Kf2
Bg6 9. Qb3 Qb6 10. Qxb6 axb6 11. cxd5 cxd5 12. Bf4 Kd7 13. Bxb8 Rxb8 14. Bb5+
Kd8 15. Ne2 f6 16. Nc3 e6 17. Na4 Ra8 18. Nxb6 Ra5 19. a4 Kc7 20. Rhc1+ Kxb6 21.
Rc8 e5 22. b4 Ra7 23. Be2 Bxb4 24. Rxh8 exd4 25. exd4 Bc3 26. a5+ Rxa5 27. Rxa5
Bxd4+ 28. Kf1 Kxa5 29. Rd8 Be5 30. Rxd5+ Kb6 31. g3 Kc7 32. Rc5+ Kd7 33. Bb5+
Ke7 34. f4 Bd6 35. Rc8 Bf5 36. Rg8 Kf7 37. Bc4+ Kg6 38. Rd8 Bh3+ 39. Kf2 Bc5+
40. Kf3 f5 41. Rd7 b6 42. Bd3 Kf6 43. Rc7 Kg6 44. Bc4 h6 45. Bg8 Kf6 46. Rc6+
Ke7 47. Bc4 Bd4 48. Rc7+ Kd6 49. Rc8 g5 50. Rg8 Bg4+ 51. Kg2 gxf4 52. gxf4 Ke7
53. Rg6 h5 54. Re6+ Kd7 55. h3 Bd1 56. Re1 Bc2 57. Kg3 h4+ 58. Kf3 Be4+ 1/2-1/2

[Event "13th Parsvnath Open"]
[Site "New Delhi IND"]
[Date "2015.01.12"]
[Round "6.40"]
[White "Bhambure, Shantanu"]
[Black "Swapnil, S. Dhopade"]
[Result "1/2-1/2"]
[BlackTitle "IM"]
[WhiteElo "2087"]
[BlackElo "2424"]
[WhiteFideId "5025931"]
[BlackFideId "5019184"]
[EventDate "2015.01.09"]

1. d4 Nf6 2. c4 c5 3. d5 b5 4. cxb5 a6 5. b6 e6 6. Nc3 Nxd5 7. Nxd5 exd5 8. Qxd5
Nc6 9. Nf3 Rb8 10. e4 Be7 11. Bc4 O-O 12. O-O Rxb6 13. Qh5 d6 14. b3 Be6 15.
Bxe6 fxe6 16. Qg4 Qc8 17. Bb2 e5 18. Qxc8 Rxc8 19. Nd2 Nd4 20. Nc4 Rbc6 21. g3
Bf6 22. Kg2 Kf7 23. Rad1 Ke6 24. Bc3 Ra8 25. Rd3 h5 26. f4 Rd8 27. Ba5 Re8 28.
f5+ Kf7 29. Bd2 Rd8 30. Rc1 d5 31. Na5 Rc7 32. exd5 Rxd5 33. Re1 Rcd7 34. Bc3
Nxf5 35. Rf3 Nd4 36. Rf2 Re7 37. Nc4 e4 38. Rf4 Ne6 39. Rf2 Ng5 40. Bxf6 gxf6
41. Rf4 Rd4 42. Rf5 Rc7 43. h3 Ke6 44. Rf4 f5 45. g4 fxg4 46. hxg4 hxg4 47. Rxg4
Kf5 48. Ne3+ Kg6 49. Nc4 Re7 50. Re3 Kf5 51. Reg3 Nf3 52. Rg8 Rd3 53. Rf8+ Ke6
54. Rg6+ Kd7 55. Rxa6 Nd4 56. Nb6+ Kc6 57. Nc4+ Kd7 58. Ra7+ Ke6 59. Ra6+ Kd7
60. Ra7+ Ke6 61. Ra6+ 1/2-1/2

[Event "13th Parsvnath Open"]
[Site "New Delhi IND"]
[Date "2015.01.12"]
[Round "6.41"]
[White "Vikas, R Sharma"]
[Black "Rajesh, V A V"]
[Result "0-1"]
[BlackTitle "IM"]
[WhiteElo "2077"]
[BlackElo "2397"]
[WhiteFideId "25009389"]
[BlackFideId "5029317"]
[EventDate "2015.01.09"]

1. e4 e5 2. Nf3 Nc6 3. Bb5 a6 4. Ba4 Nf6 5. O-O Be7 6. Re1 b5 7. Bb3 d6 8. c3
O-O 9. a4 Bg4 10. h3 Bxf3 11. Qxf3 Na5 12. Bc2 c5 13. d3 b4 14. Nd2 Rb8 15. Nc4
Nd7 16. Ne3 g6 17. Nd5 Bg5 18. Bxg5 Qxg5 19. Rab1 Nb6 20. Ne3 Qd8 21. Ra1 Kg7
22. Qg3 Qf6 23. Ng4 Qf4 24. Qh4 f6 25. g3 Qg5 26. Qxg5 fxg5 27. Bd1 Nd7 28. Re2
Rb7 29. Ne3 bxc3 30. bxc3 Rfb8 31. Kg2 Rb1 32. Rea2 Rxa1 33. Rxa1 Rb2 34. Nd5 c4
35. dxc4 Nc5 36. Kf3 Nxc4 37. Nc7 Rb7 38. Be2 Nd2+ 39. Ke3 Rxc7 40. Kxd2 Nb3+ 0-1

[Event "13th Parsvnath Open"]
[Site "New Delhi IND"]
[Date "2015.01.12"]
[Round "6.42"]
[White "Ortega Ruiz, Jose Miguel"]
[Black "Patil, Pratik"]
[Result "1/2-1/2"]
[WhiteTitle "FM"]
[WhiteElo "2339"]
[BlackElo "2139"]
[WhiteFideId "2209713"]
[BlackFideId "5038758"]
[EventDate "2015.01.09"]

1. d4 Nf6 2. c4 g6 3. Nc3 d5 4. cxd5 Nxd5 5. e4 Nxc3 6. bxc3 Bg7 7. Bc4 c5 8.
Be3 Nc6 9. Ne2 O-O 10. O-O e6 11. Qd2 Qa5 12. Rad1 b6 13. Bh6 cxd4 14. Bxg7 Kxg7
15. cxd4 Qxd2 16. Rxd2 Bb7 17. f3 Na5 18. Bd3 Rac8 19. Rfd1 Rfd8 20. Kf2 Kf8 1/2-1/2

[Event "13th Parsvnath Open"]
[Site "New Delhi IND"]
[Date "2015.01.12"]
[Round "6.43"]
[White "Harsha, Bharathakoti"]
[Black "Vaishali, R"]
[Result "1/2-1/2"]
[BlackTitle "WFM"]
[WhiteElo "2309"]
[BlackElo "2100"]
[WhiteFideId "5078776"]
[BlackFideId "5091756"]
[EventDate "2015.01.09"]

1. Nf3 d5 2. c4 e6 3. g3 Nf6 4. Bg2 Be7 5. O-O O-O 6. b3 b6 7. Bb2 Bb7 8. e3
Nbd7 9. Nc3 c5 10. Qe2 Ne4 11. cxd5 exd5 12. d4 Bf6 13. Rfd1 Qe7 14. Rac1 Rac8
15. Bh3 Rfd8 16. Nxe4 Qxe4 17. Bg2 Qe6 18. dxc5 bxc5 19. Bxf6 Nxf6 20. Rc2 Ba6
21. Nd2 Rd7 22. Rdc1 Rdc7 1/2-1/2

[Event "13th Parsvnath Open"]
[Site "New Delhi IND"]
[Date "2015.01.12"]
[Round "6.44"]
[White "Godbole, Atharva"]
[Black "Murali Krishnan, B.T."]
[Result "1/2-1/2"]
[BlackTitle "IM"]
[WhiteElo "2065"]
[BlackElo "2283"]
[WhiteFideId "5059550"]
[BlackFideId "5004977"]
[EventDate "2015.01.09"]

1. e4 d5 2. exd5 Qxd5 3. Nc3 Qa5 4. Bc4 c6 5. d3 Nf6 6. Bd2 Qc7 7. Qe2 Nbd7 8.
f4 b5 9. Bb3 Nc5 10. Nf3 a5 11. Ne5 e6 12. d4 Nxb3 13. axb3 Be7 14. O-O O-O 15.
Ne4 Nxe4 16. Qxe4 Bb7 17. Qe1 b4 18. f5 exf5 19. Rxf5 c5 20. Qg3 Bd6 21. Raf1
cxd4 22. Bf4 f6 23. Nc4 Bxf4 24. R1xf4 a4 25. Rxd4 1/2-1/2

[Event "13th Parsvnath Open"]
[Site "New Delhi IND"]
[Date "2015.01.12"]
[Round "6.45"]
[White "Sidhant, Mohapatra"]
[Black "Pranavananda, V"]
[Result "1/2-1/2"]
[WhiteElo "2281"]
[BlackElo "2115"]
[WhiteFideId "5028698"]
[BlackFideId "5073588"]
[EventDate "2015.01.09"]

1. c4 c6 2. Nf3 d5 3. g3 Nf6 4. Bg2 g6 5. b3 Bg7 6. Bb2 O-O 7. O-O a5 8. Nc3 Ne4
9. cxd5 cxd5 10. Rc1 a4 11. bxa4 Qa5 12. Ne1 Nxc3 13. Bxc3 Bxc3 14. Rxc3 e6 1/2-1/2

[Event "13th Parsvnath Open"]
[Site "New Delhi IND"]
[Date "2015.01.12"]
[Round "6.46"]
[White "Puranik, Abhimanyu"]
[Black "Joshi, Govind Ballabh"]
[Result "1-0"]
[WhiteTitle "CM"]
[WhiteElo "2278"]
[BlackElo "2100"]
[WhiteFideId "5061245"]
[BlackFideId "5000262"]
[EventDate "2015.01.09"]

1. e4 e5 2. Nf3 Nc6 3. Bb5 a6 4. Ba4 Nf6 5. d3 Bc5 6. O-O b5 7. Bb3 d6 8. c3 O-O
9. Re1 h6 10. Nbd2 Be6 11. Nf1 Re8 12. h3 d5 13. Qe2 d4 14. Ng3 Qd7 15. Rd1 a5
16. Bxe6 Rxe6 17. Nf5 dxc3 18. bxc3 Kh7 19. Be3 Bf8 20. Qd2 b4 21. Rac1 Rd8 22.
cxb4 Bxb4 23. Qc2 Ba3 24. Rb1 Bf8 25. d4 Nb4 26. Qc4 exd4 27. Rxd4 Qe8 28. Rxd8
Qxd8 29. N3d4 Rxe4 30. Qxf7 Qe8 31. Qxc7 Nbd5 32. Qa7 Nxe3 33. fxe3 Rxe3 34. Rb8
Re1+ 35. Kf2 Ne4+ 36. Kxe1 Nf6+ 1-0

[Event "13th Parsvnath Open"]
[Site "New Delhi IND"]
[Date "2015.01.12"]
[Round "6.47"]
[White "Arvind, Shastry"]
[Black "Sudarshan, Malga"]
[Result "1-0"]
[WhiteElo "2261"]
[BlackElo "2089"]
[WhiteFideId "5008778"]
[BlackFideId "5028736"]
[EventDate "2015.01.09"]

1. d4 d5 2. Nf3 Nf6 3. c4 e6 4. Nc3 Be7 5. Bf4 O-O 6. e3 Nbd7 7. Qc2 c5 8. cxd5
Nxd5 9. Nxd5 exd5 10. Bd3 h6 11. dxc5 Nxc5 12. O-O Bg4 13. Bf5 Bxf3 14. gxf3 Ne6
15. Bxh6 Rc8 16. Qd3 Bd6 17. Bxe6 fxe6 18. Qg6 Qf6 19. Qxf6 Rxf6 20. Bg5 Rxf3
21. Bf4 Bxf4 22. Kg2 Rxe3 23. fxe3 Bxe3 24. Rae1 d4 25. Kf3 e5 26. Ke4 Bf4 27.
Re2 Rd8 28. Rf3 g5 29. Rc2 Rd7 30. Rh3 Kg7 31. Rc8 g4 32. Rh4 d3 33. Rxg4+ Kh7
34. Rxf4 exf4 35. Rc1 f3 36. Kxf3 Re7 37. h3 Kg6 38. Rg1+ Kf5 39. Rg2 a6 40. h4
Re6 41. h5 b6 42. Rh2 a5 43. Rd2 Kg5 44. Rxd3 Kxh5 45. Re3 Rd6 46. Ke4 Kg4 47.
Ke5 Rc6 48. Rb3 Rh6 49. Kd5 Kf4 50. Kc4 Ke4 51. Kb5 Kd4 52. Ka6 Kc5 53. Rb5+ Kc4
54. Rxb6 Rh5 55. b3+ Kc3 56. Rb5 Rh8 57. Rxa5 Rb8 58. Rc5+ Kb2 59. Ka7 Rb4 60.
Rc4 Rb5 61. Ka6 Rb8 62. b4 Kxa2 63. b5 Kb3 64. Rh4 1-0

[Event "13th Parsvnath Open"]
[Site "New Delhi IND"]
[Date "2015.01.12"]
[Round "6.48"]
[White "Sharang, Sanjeev Kapoor"]
[Black "Gokhale, Chandrashekhar"]
[Result "0-1"]
[WhiteTitle "CM"]
[BlackTitle "IM"]
[WhiteElo "1999"]
[BlackElo "2254"]
[WhiteFideId "35028987"]
[BlackFideId "5001315"]
[EventDate "2015.01.09"]

1. e4 d6 2. d4 Nf6 3. Nc3 e5 4. dxe5 dxe5 5. Qxd8+ Kxd8 6. Bg5 Be6 7. O-O-O+ Kc8
8. f4 exf4 9. Bxf4 Ng4 10. Nh3 c6 11. Ng5 Bc5 12. Nxe6 fxe6 13. Bc4 Re8 14. Rhe1
e5 15. Bg5 Nf6 16. Bxf6 gxf6 17. Rd3 Nd7 18. Na4 Bd4 19. c3 b5 20. cxd4 bxc4 21.
Rc3 Rg8 22. g3 exd4 23. Rxc4 Ne5 24. Rxd4 Nf3 25. Red1 Nxd4 26. Rxd4 Rd8 27. Rc4
Kc7 28. Rc5 Rd7 29. Rf5 Re8 30. Nc3 Re6 31. Kc2 Red6 32. Rf2 Re7 33. b4 Re5 34.
Rf3 h5 35. a4 f5 36. exf5 Rf6 37. g4 hxg4 38. Rf4 Rexf5 39. Rxg4 Rf4 40. Rxf4
Rxf4 41. b5 Rh4 42. bxc6 Kxc6 43. Kb3 a5 44. Nb5 Kc5 45. Nc3 Rh3 46. Kb2 Rxh2+
47. Kb3 Rh3 48. Kb2 Kc4 49. Ne2 Rh2 50. Ka3 Rf2 51. Nc1 Rf3+ 52. Kb2 Rh3 53. Na2
Rh2+ 54. Kb1 Kb3 55. Nc1+ Ka3 56. Nd3 Rh4 57. Nc1 Rb4+ 58. Ka1 Rxa4 59. Kb1 Rb4+
60. Ka1 Rb8 61. Na2 Kb3 62. Kb1 a4 63. Nc1+ Kc3+ 64. Ka2 Kd2 0-1

[Event "13th Parsvnath Open"]
[Site "New Delhi IND"]
[Date "2015.01.12"]
[Round "6.49"]
[White "Monnisha, GK"]
[Black "Pranav, Shetty"]
[Result "1/2-1/2"]
[WhiteTitle "WFM"]
[WhiteElo "2055"]
[BlackElo "2217"]
[WhiteFideId "5009936"]
[BlackFideId "5035058"]
[EventDate "2015.01.09"]

1. e4 c5 2. Nf3 d6 3. d4 cxd4 4. Nxd4 Nf6 5. Nc3 a6 6. Be3 e5 7. Nb3 Be6 8. Qd2
Nbd7 9. f3 h5 10. Nd5 Bxd5 11. exd5 g6 12. Be2 Bg7 13. O-O O-O 14. c4 b6 15.
Rae1 Kh7 16. f4 Ne4 17. Qc2 f5 18. Nd2 exf4 19. Rxf4 Be5 20. Rff1 Nxd2 21. Qxd2
Qh4 22. g3 Qf6 23. Bg5 Qg7 24. Qc2 Bf6 25. Bc1 Rae8 26. b3 Re7 27. Bf3 Rfe8 28.
Rxe7 Rxe7 29. Kg2 Kg8 30. Ba3 Nc5 31. b4 Ne4 32. c5 bxc5 33. bxc5 Nxc5 34. Bxc5
Rc7 35. Qe2 Rxc5 36. Qe6+ Kh7 37. Qxd6 Rc2+ 38. Rf2 Rxf2+ 39. Kxf2 a5 40. Qe6
Qe7 41. Qxe7+ Bxe7 42. h3 Bc5+ 43. Ke2 Kg7 44. a4 Kf6 45. Kf1 Kg5 46. Kg2 Bd6
47. Be2 Kh6 48. Bd3 Kg5 49. Be2 Kf6 50. Bb5 Bc7 51. Be8 f4 52. gxf4 Bxf4 53. Kf3
Bd6 54. Kg2 Kg5 55. Kf3 Kf5 56. Bd7+ Ke5 57. Be8 Kf6 58. Kg2 Kg7 59. Kf3 Kh6 60.
Ke4 Kg7 1/2-1/2

[Event "13th Parsvnath Open"]
[Site "New Delhi IND"]
[Date "2015.01.12"]
[Round "6.50"]
[White "Lakshmi Narayanan, MV"]
[Black "Snehal, Bhosale"]
[Result "1-0"]
[WhiteElo "2215"]
[BlackElo "2087"]
[WhiteFideId "5040647"]
[BlackFideId "5021995"]
[EventDate "2015.01.09"]

1. d4 Nf6 2. c4 e6 3. Nf3 c5 4. e3 d5 5. Nc3 Nc6 6. a3 a6 7. cxd5 exd5 8. dxc5
Bxc5 9. Be2 O-O 10. O-O Re8 11. b4 Ba7 12. Bb2 Bf5 13. Rc1 Qd6 14. Na4 Ne4 15.
Nd4 Bb8 16. g3 Bh3 17. Nb6 Ra7 18. Nxc6 bxc6 19. Re1 Qh6 20. Bf3 Rae7 21. Rc2
Bf5 22. Bg4 Qg6 23. Bxf5 Qxf5 24. f4 Qh3 25. Qd4 Qg4 26. Rxc6 Ba7 27. Qd1 Qh3
28. Bd4 Re6 29. Rxe6 Rxe6 30. Nxd5 Nxg3 31. Bxa7 Ne2+ 32. Qxe2 Rg6+ 33. Kh1 Qd7
34. Qc4 1-0

[Event "13th Parsvnath Open"]
[Site "New Delhi IND"]
[Date "2015.01.12"]
[Round "6.51"]
[White "Thing, Bibek"]
[Black "Imocha, Laishram"]
[Result "1-0"]
[WhiteElo "1979"]
[BlackElo "2179"]
[WhiteFideId "12303135"]
[BlackFideId "5000351"]
[EventDate "2015.01.09"]

1. e4 e5 2. Nf3 Nc6 3. Bb5 a6 4. Bxc6 dxc6 5. O-O f6 6. d4 Bg4 7. c3 Bd6 8. Be3
Qe7 9. Nbd2 Nh6 10. Re1 Nf7 11. Qb3 b6 12. Qc4 Bd7 13. Rad1 O-O 14. Qd3 Kh8 15.
Nc4 exd4 16. Bxd4 Be6 17. b3 Bxc4 18. Qxc4 c5 19. Be3 Rfe8 20. Bc1 a5 21. Nh4 g6
22. Qd3 a4 23. Qh3 Kg8 24. f4 axb3 25. axb3 Ra2 26. Qg4 Kh8 27. Rd3 Qe6 28. Qd1
Ra1 29. Rh3 f5 30. c4 Kg8 31. e5 Be7 32. Nf3 Rd8 33. Qc2 Rda8 34. Nd2 R8a2 35.
Qc3 Nd8 36. Kf1 Nc6 37. Rd3 Nb4 38. Rf3 Nc2 39. Rd1 Nd4 40. Rf2 b5 41. Nf3 Nxf3
42. Rxf3 b4 43. Qd3 Kf7 44. Re3 g5 45. Rh3 h6 46. fxg5 Qxe5 47. Re3 Qf4+ 48. Rf3
Qxc1 49. Qxf5+ Kg8 50. Qf7+ Kh8 51. Qe8+ Kg7 52. Qxe7+ 1-0

[Event "13th Parsvnath Open"]
[Site "New Delhi IND"]
[Date "2015.01.12"]
[Round "6.52"]
[White "Tiwari, Arjun"]
[Black "Michelle Catherina, P"]
[Result "0-1"]
[WhiteElo "2179"]
[BlackElo "2061"]
[WhiteFideId "5011337"]
[BlackFideId "5005736"]
[EventDate "2015.01.09"]

1. e4 e5 2. Nc3 Nf6 3. g3 d5 4. exd5 Nxd5 5. Bg2 Nxc3 6. bxc3 Bd6 7. Ne2 c5 8.
d4 Qc7 9. O-O O-O 10. dxe5 Bxe5 11. Nf4 Nc6 12. Nd5 Qa5 13. Qh5 Bxc3 14. Rb1 Bd4
15. c3 Be5 16. Be3 c4 17. Bd4 Bxd4 18. cxd4 Qd8 19. Rfd1 Rb8 20. Ne3 Na5 21. d5
Qd6 22. Be4 g6 23. Qh6 b5 24. Rd4 f5 25. Bc2 a6 26. h4 Nc6 27. dxc6 Qxd4 28. Rd1
Qg7 29. Qf4 Be6 30. Qd6 Rbe8 31. Qc5 Qe7 32. Qb6 f4 33. Ng2 fxg3 34. fxg3 Bg4
35. Re1 Qxe1+ 36. Nxe1 Rxe1+ 37. Kg2 Re2+ 38. Kg1 Re1+ 39. Kg2 Bf3+ 40. Kf2 Re2+
41. Kg1 Rg2+ 42. Kf1 Rxc2 43. Qe3 Bg2+ 0-1

[Event "13th Parsvnath Open"]
[Site "New Delhi IND"]
[Date "2015.01.12"]
[Round "6.53"]
[White "Gavi, Siddayya"]
[Black "Santu, Mondal"]
[Result "1-0"]
[WhiteElo "1938"]
[BlackElo "2178"]
[WhiteFideId "5032822"]
[BlackFideId "5025354"]
[EventDate "2015.01.09"]

1. e4 e6 2. d4 d5 3. Nc3 Nf6 4. e5 Nfd7 5. f4 c5 6. Nf3 Nc6 7. Be3 a6 8. Qd2
cxd4 9. Nxd4 Bc5 10. O-O-O Nxd4 11. Bxd4 Qc7 12. Qf2 O-O 13. Bxc5 Nxc5 14. Bd3
b5 15. Qh4 g6 16. Ne2 Bb7 17. Nd4 b4 18. Rhe1 Rfc8 19. Re3 Qd8 20. Qg4 a5 21. f5
Ba6 22. fxg6 Bxd3 23. gxf7+ Kh8 24. Rdxd3 Nxd3+ 25. Rxd3 Qe7 26. Qxe6 Qg5+ 27.
Kd1 Qf4 28. Qf5 Qh4 29. e6 h6 30. Qe5+ Kh7 31. e7 Qg4+ 32. Qe2 Qg6 33. Qe6 Qxg2
34. Qf5+ Qg6 35. Qxg6+ Kxg6 36. Rf3 1-0

[Event "13th Parsvnath Open"]
[Site "New Delhi IND"]
[Date "2015.01.12"]
[Round "6.54"]
[White "Dodeja, Pawan"]
[Black "Sa, Kannan"]
[Result "1-0"]
[WhiteElo "2172"]
[BlackElo "1908"]
[WhiteFideId "5012686"]
[BlackFideId "5018340"]
[EventDate "2015.01.09"]

1. e4 c5 2. Nc3 Nc6 3. Nf3 b6 4. d4 cxd4 5. Nxd4 Bb7 6. Be3 g6 7. h4 Bg7 8. h5
Nf6 9. hxg6 hxg6 10. Rxh8+ Bxh8 11. f3 Rc8 12. Qd2 Ne5 13. O-O-O Kf8 14. g4 Kg8
15. Be2 a6 16. Rh1 b5 17. a3 Qa5 18. Nb3 Qc7 19. Kb1 Qd6 20. Qe1 Bg7 21. Qh4
Rxc3 22. bxc3 g5 23. Qh2 Qc7 24. Bd4 d6 25. Bxe5 dxe5 26. Qg1 Bc6 27. Nc5 a5 28.
c4 b4 29. axb4 axb4 30. Bd3 Ne8 31. Nb3 e6 32. Qc5 Bf8 33. Qa5 Qxa5 34. Nxa5 Ba4
35. Kb2 Nc7 36. Ra1 Bd7 37. Nb3 Ne8 38. Ra7 Bc6 39. Ra6 Bb7 40. Rb6 Bc8 41. c5
Kg7 42. Rxb4 Kf6 43. Rb8 Bd7 44. Bb5 Bxb5 45. Rxb5 Be7 46. Kc3 Bd8 47. Kc4 Ke7
48. Rb7+ Nc7 49. Na5 Kd7 50. Rb1 f5 51. Rd1+ Kc8 52. gxf5 exf5 53. exf5 Ne8 54.
Nc6 Bf6 55. Kd5 Ng7 56. Ke4 Nh5 57. Rg1 Nf4 58. Nb4 Ne2 59. Rg2 Nc3+ 60. Kd3 Kd7
61. Rh2 Nd1 62. c4 Nb2+ 63. Ke4 Nxc4 64. Rh7+ Ke8 65. Kd5 e4 66. fxe4 g4 67.
Kxc4 1-0

[Event "13th Parsvnath Open"]
[Site "New Delhi IND"]
[Date "2015.01.12"]
[Round "6.55"]
[White "Del Rey, Diego"]
[Black "Dhananjay"]
[Result "1-0"]
[WhiteTitle "IM"]
[WhiteElo "2390"]
[BlackElo "2071"]
[WhiteFideId "102164"]
[BlackFideId "5092892"]
[EventDate "2015.01.09"]

1. d4 Nf6 2. Nf3 b6 3. g3 Bb7 4. Bg2 e6 5. O-O Be7 6. c4 O-O 7. Nc3 d5 8. Ne5
Qc8 9. cxd5 exd5 10. Bg5 c6 11. Qb3 Qd8 12. Rfd1 Nfd7 13. Bf4 Nxe5 14. dxe5 Nd7
15. e4 Nc5 16. Qc2 d4 17. b4 Ne6 18. Rab1 Qc8 19. Na4 c5 20. b5 Qc7 21. Nb2 g5
22. Bd2 Qxe5 23. Nc4 Qc7 24. Rf1 Rad8 25. Qd3 Kh8 26. a4 Rde8 27. a5 h6 28. Ra1 1-0

[Event "13th Parsvnath Open"]
[Site "New Delhi IND"]
[Date "2015.01.12"]
[Round "6.56"]
[White "Gahan, M.G."]
[Black "Aronyak, Ghosh"]
[Result "0-1"]
[BlackTitle "CM"]
[WhiteElo "2295"]
[BlackElo "2065"]
[WhiteFideId "5027373"]
[BlackFideId "25072846"]
[EventDate "2015.01.09"]

1. e4 c5 2. c3 d5 3. exd5 Qxd5 4. d4 Nc6 5. Nf3 Bg4 6. dxc5 Qxd1+ 7. Kxd1 e6 8.
b4 a5 9. Bb5 Ne7 10. Bd2 g6 11. Na3 Bg7 12. bxa5 O-O 13. a6 bxa6 14. Be2 Rfd8
15. Nc4 Nd5 16. Nd6 Nxc3+ 17. Bxc3 Bxc3 18. Rc1 Bb4 19. Ng5 Bxc5 20. Nxf7 Bxe2+
21. Kxe2 Bxd6 22. Nxd8 Nxd8 23. Rhd1 Nf7 24. Rc6 Bb4 25. Rxe6 a5 26. Rd3 Ng5 27.
Ree3 Rc8 28. a3 Bf8 29. Re5 Rc5 30. Rdd5 Ne6 31. Rxc5 Nxc5 32. f4 Kf7 33. Ke3
Bd6 34. Rd5 Ke6 35. Kd4 Nb3+ 36. Kc4 a4 37. Rd3 Bxa3 38. Kb5 Bc1 39. Kb4 Bxf4
40. Rh3 h5 41. Kxa4 Nd4 42. Rd3 Kd5 43. g3 Ke4 44. Rd1 Be3 45. Kb4 Nf5 46. Rd8
Kf3 47. Rg8 g5 48. Rh8 Ng7 49. Kc3 Kg2 50. Rh7 Kxh2 51. Rxg7 Kxg3 52. Kd3 Bf4
53. Ke4 h4 54. Ra7 h3 55. Ra3+ Kg4 56. Ra1 h2 57. Rb1 Bc7 58. Rc1 Bb6 59. Ke5
Bg1 60. Rc4+ Kf3 61. Rc3+ Be3 0-1

[Event "13th Parsvnath Open"]
[Site "New Delhi IND"]
[Date "2015.01.12"]
[Round "6.57"]
[White "Tiwari, Ashwani"]
[Black "Mehar, Chinna Reddy C.H."]
[Result "0-1"]
[WhiteTitle "FM"]
[WhiteElo "2037"]
[BlackElo "2281"]
[WhiteFideId "5006961"]
[BlackFideId "5027420"]
[EventDate "2015.01.09"]

1. e4 c5 2. c3 Nf6 3. e5 Nd5 4. Nf3 Nc6 5. d4 cxd4 6. Bc4 Nb6 7. Bb3 d5 8. exd6
Qxd6 9. O-O Be6 10. Na3 Bxb3 11. axb3 e6 12. Nb5 Qd8 13. Bf4 Nd5 14. Bg3 Rc8 15.
Nfxd4 Nxd4 16. Qxd4 a6 17. c4 Nf6 18. Nd6+ Bxd6 19. Bxd6 h5 20. Rad1 Qd7 21. f4
Rh6 22. f5 exf5 23. Qe5+ Qe6 24. Qxf5 Ne4 25. Be5 Qxf5 26. Rxf5 g6 27. Bg7 gxf5
28. Bxh6 Ke7 29. g3 Rh8 30. Be3 h4 31. Kg2 hxg3 32. hxg3 Rg8 33. Bf4 Nxg3 34.
Kf3 Ne4 35. Rd5 Ke6 36. Re5+ Kf6 37. Rd5 Rg1 38. Rd7 Rf1+ 39. Ke3 Re1+ 40. Kf3
Nc5 41. Rd6+ Re6 42. b4 Rxd6 43. Bxd6 Nd3 44. b3 Ke6 45. Bf8 Nc1 46. Ke3 Nxb3
47. Kd3 f4 48. Bh6 f3 49. Be3 Ke5 50. Kc3 Ke4 51. Bf2 Nc1 0-1

[Event "13th Parsvnath Open"]
[Site "New Delhi IND"]
[Date "2015.01.12"]
[Round "6.58"]
[White "Madhurima, Shekhar"]
[Black "Safranska, Anda"]
[Result "1/2-1/2"]
[BlackTitle "WGM"]
[WhiteElo "2012"]
[BlackElo "2261"]
[WhiteFideId "5067910"]
[BlackFideId "11600209"]
[EventDate "2015.01.09"]

1. e4 g6 2. d4 Bg7 3. Nc3 c6 4. h3 d6 5. Be3 b5 6. Nf3 Nd7 7. Bd3 Qc7 8. O-O
Ngf6 9. Ne2 O-O 10. a4 b4 11. c3 bxc3 12. bxc3 c5 13. Ng3 e5 14. dxe5 dxe5 15.
Qe2 Bb7 16. Rfd1 Rfe8 17. Qa2 Nf8 18. Rd2 h6 19. a5 Ne6 20. a6 Bc6 21. Qa5 Bf8
22. Rb2 Nd7 23. Bc4 Rac8 24. Bd5 Nd8 25. c4 Nb6 26. Bxc5 Bxc5 27. Qxc5 Na4 28.
Rxa4 Bxa4 29. Qxc7 Rxc7 30. Rb8 Rce7 31. Ne2 Bd1 32. Kf1 Bxe2+ 33. Kxe2 Ne6 34.
Rxe8+ Rxe8 35. g3 Nc5 36. Bb7 Re7 37. Ke3 f6 38. Bd5+ Kg7 39. Nd2 Nxa6 40. Nb3
Rc7 41. Kd2 f5 42. f3 Kf6 43. Kc3 fxe4 44. fxe4 Kg5 45. Na5 Nc5 46. Nc6 Kf6 47.
Kb4 Ne6 48. Ka5 Nd4 49. Nd8 Ne2 50. Ka6 Nxg3 51. Nc6 Ne2 52. Nxa7 Nf4 53. Nc6
Nxh3 54. Kb6 Rg7 55. c5 g5 56. Bc4 g4 57. Bf1 Nf4 58. Nb4 g3 59. c6 g2 60. Bxg2
Nxg2 61. c7 Rxc7 62. Kxc7 h5 63. Nd3 h4 64. Nf2 Ke6 65. Kc6 Nf4 66. Kc5 h3 67.
Ng4 1/2-1/2